[Event "City of Adelaide"]
[Site "Adelaide"]
[Date "1998.08.19"]
[Round "5.5"]
[White "Amini, Amir"]
[Black "Yang, Song"]
[Result "0-1"]
[WhiteElo "1411"]
[BlackElo "1329"]
[Annotator "Fritz 5.00 - Anderson-Smith,W"]
[PlyCount "74"]
[EventDate "1998.07.22"]
[EventType "swiss"]
[EventRounds "9"]
[EventCountry "AUS"]

1. e4 c5 2. Nf3 d6 3. d4 cxd4 4. Nxd4 Nf6 5. Nc3 a6 6. h3 (6. Bg5 e6 7. f4 Qb6
8. Qd2 Qxb2 9. Rb1 Qa3 10. f5 Nc6 11. fxe6 fxe6 12. Nxc6 bxc6 13. e5 dxe5 14.
Bxf6 gxf6 15. Ne4 Be7 16. Be2 h5 17. Rb3 Qa4 18. Nxf6+ (18. c4 f5 19. O-O fxe4
20. Kh1 Ra7 21. Qc2 Qa5 22. Qxe4 Qc5 23. Bxh5+ Kd8 24. Bg4 Rf8 25. Rd1+ Kc7 26.
h3 Rb7 27. Rxb7+ Kxb7 28. Rb1+ Ka8 29. Qc2 Bd6 {
0-1 Harandi,K-Portisch,L/Rio de Janeiro izt 1979/IZT}) 18... Bxf6 19. c4 Bh4+
20. g3 Be7 21. O-O Bd7 22. Rb7 Rd8 23. Bd3 Bc5+ 24. Kh1 Rg8 25. Be2 Ke7 26.
Bxh5 Rg7 27. Qh6 Qxc4 28. Qxg7+ Kd6 29. Qf6 Bd4 30. Rfb1 Qd3 31. R7b3 Qf5 32.
Qxd8 Qxh5 33. Qb8+ Kd5 34. Qc7 Qh7 35. Re1 Qf7 36. Rd3 Kc4 37. Rd2 Bc3 38. Qxd7
Qf3+ 39. Kg1 {1-0 Timman,J-Ribli,Z/Niksic 1978/MCL 04}) 6... e5 7. Nb3 (7. Nde2
Be6 8. f4 Nh5 9. Qd3 exf4 10. Bxf4 Nc6 11. Bh2 Ne5 12. Qd4 Rc8 13. O-O-O Qa5
14. Nd5 Nc6 15. Qb6 Qxa2 16. Nec3 Qa1+ 17. Kd2 Qa5 18. Qxb7 Nf6 19. Qxa6 Nxe4+
20. Kc1 Nxc3 21. Nxc3 Be7 {
Kupreichik,V-Nevostrujev,V/Kemerovo2 1995/EXP 49/1/2-1/2 (64)}) 7... b5 $146 (
7... Be6 8. Bg5 Be7 9. Bxf6 Bxf6 10. Nd5 Bxd5 11. Qxd5 Qc7 12. O-O-O Be7 13. g3
Nc6 14. Kb1 Rc8 15. Qd2 b5 16. f4 Nd8 17. f5 Nb7 18. Bd3 Qb6 19. Qe2 Nc5 20.
Nd2 Na4 21. Nf1 O-O 22. Ne3 Qd4 23. c3 Rxc3 24. Nd5 b4 25. Nxe7+ Kh8 26. Bc2 b3
27. Rxd4 exd4 28. axb3 d3 29. bxa4 dxe2 {
1-0 Djeno,M-Gaso,D/Zagreb ztW 1993/TD 93\02}) 8. a3 Bb7 9. Bg5 Nbd7 10. f3 $11
{Consolidates g4} (10. Qf3 Be7 $14) 10... Be7 11. Qd2 h6 (11... Nc5 12. Nxc5
dxc5 13. Qf2 $11) 12. Be3 Qc7 13. O-O-O {Attacking the backward pawn on d6} (
13. Rd1 Nc5 $11) 13... O-O (13... Nc5 14. Nxc5 dxc5 15. Nd5 Nxd5 16. exd5 $15)
14. Kb1 (14. g4 Rfc8 15. Rh2 Nc5 16. Nxc5 dxc5 $11) 14... Nc5 {
Black gets in control} 15. Nc1 Bc6 (15... Rfd8 16. b4 $15) 16. g4 Rfb8 17. g5
hxg5 18. Bxg5 b4 19. axb4 Rxb4 20. Bxf6 Rd4 ({Inferior is} 20... Bxf6 21. Nd5 (
21. Qxd6 $2 {is a blank shot} Qb6 22. Bb5 axb5 $19) 21... Bxd5 22. Qxb4 $16 (
22. exd5 $4 Rab8 23. Nb3 Nxb3 24. cxb3 Rxb3 $19) (22. Qxd5 $143 Rab8 23. b3 a5
$17)) 21. Nd3 $15 (21. Bd3 Bxf6 22. N3e2 Ra4 $11) 21... Bxf6 22. Ne2 Ra4 23.
Rg1 $19 (23. Nc3 $142 {and White hangs on} Rd4 24. Ne2 Nxd3 25. Nxd4 Nxb2 26.
Kxb2 exd4 27. Bd3 $15) 23... Nxd3 24. cxd3 (24. Qxd3 $4 Qa5 $1 {
the end of the story} 25. b4 Ra1+ 26. Kb2 Qa2+ 27. Kc3 Bb5 $19) 24... Rb8 25.
Rc1 (25. Rg2 $142 $19) 25... Rab4 26. Rc2 Qb6 {With the decisive threat Ba4}
27. Bg2 (27. Rg2 Ba4 28. Nc3 Bxc2+ 29. Qxc2 $19) 27... Ba4 (27... Bg5 $142 $1 {
makes it even easier for Black} 28. f4 (28. Qxg5 $4 Rxb2+ 29. Kc1 Ba4 30. Qd8+
Qxd8 31. Rxb2 Qc7+ 32. Kd2 Rxb2+ 33. Ke1 Qc5 $19) 28... Bxf4 29. Nxf4 Qxg1+ 30.
Qc1 Qxc1+ 31. Kxc1 exf4 32. Rxc6 Rxb2 33. Bf3 $19) 28. Rgc1 Bxc2+ 29. Rxc2 Qd8
(29... Bg5 $142 $1 {and Black can already relax} 30. f4 exf4 31. Bf3 $19) 30.
Nc3 Bg5 31. Qf2 Qa5 32. h4 Bh6 33. Bh3 (33. f4 {is one last hope} Rb3 34. Qa7
$19) 33... Rb3 {The mate threat is Ra3} 34. Qa7 Qa3 (34... Qb4 $142 $5 {
might be the shorter path} 35. Qxb8+ Qxb8 36. h5 $19) 35. Nd1 R3b7 (35... R3b6
$142 $5 {seems even better} 36. Bf1 Qb4 37. Qd7 $19) 36. Rc8+ (36. Qf2 $19 {
no good, but what else?}) 36... Kh7 $19 (36... Rxc8 37. Qe3 Qb3 38. d4 Bxe3 39.
Bxc8 Qxd1+ 40. Ka2 Qb3+ 41. Kb1 Qxb2#) 37. Rxb8 (37. Qf2 {
there is nothing else anyway} Rxc8 38. Bxc8 Qxd3+ 39. Qc2 Qxc2+ 40. Kxc2 Rc7+
41. Nc3 Rxc8 42. Kb3 $19) 37... Qxd3+ $1 {the end. . . . .} (37... Qxd3+ 38.
Ka2 Qb3+ 39. Kb1 Qxd1+ 40. Ka2 Qb3+ 41. Kb1 Qxb2#) (37... Rxa7 $2 {
is tempting but does not stand up to the reality of the position} 38. bxa3 g6
39. Nb2 $18) 0-1

[Event "City of Adelaide"]
[Site "Adelaide"]
[Date "1998.08.19"]
[Round "5.6"]
[White "Stefan, Vladimir"]
[Black "Kramer, Warren"]
[Result "1-0"]
[WhiteElo "1281"]
[BlackElo "1323"]
[Annotator "Fritz 5.00 - Anderson-Smith,W"]
[PlyCount "47"]
[EventDate "1998.07.22"]
[EventType "swiss"]
[EventRounds "9"]
[EventCountry "AUS"]

1. e4 d6 2. d4 g6 3. c4 Nf6 4. Nc3 Bg7 {King's Indian Defence} 5. f3 Nbd7 6.
Be3 e5 7. d5 (7. Nge2 O-O 8. d5 Nh5 9. Qd2 f5 10. O-O-O a6 11. Kb1 Ndf6 12.
exf5 gxf5 13. Ng3 Qe8 14. Bd3 Nxg3 15. hxg3 c5 16. Bh6 Qg6 17. g4 b5 18. Bxg7
Kxg7 19. Rh4 bxc4 20. Bc2 h6 21. Rdh1 Qg5 22. Qxg5+ hxg5 23. Rh6 fxg4 24. fxg4
Bxg4 25. Rg6+ Kf7 26. Rf1 Ke7 27. Rg7+ Ke8 28. Ne4 Nd7 29. Nxd6+ Kd8 30. Rxf8+
Nxf8 31. Nxc4 Bd7 32. Rf7 Kc7 33. d6+ {
1-0 Botvinnik,M-Tal,M/Wch24-Moscow 1961/MAINB}) 7... Nb6 $146 (7... a5 8. Qd2
h6 9. g4 Nc5 10. h4 b6 11. Nge2 Bd7 12. Ng3 Qe7 13. Be2 Na4 14. Nxa4 Bxa4 15.
b3 Bd7 16. O-O-O Ng8 17. a4 Kd8 18. Kb1 Kc8 19. Bd3 Kb7 20. Ne2 Nf6 21. Nc3 Be8
22. g5 {Kalkstein-Bauza,L/Montevideo 1954/MCL 02/1/2-1/2 (84)}) (7... Nc5 8.
Qd2 h5 9. b4 Na6 10. Nb5 b6 11. Rc1 Bf8 12. h4 Ng8 13. g3 Bh6 14. c5 Bxe3 15.
Qxe3 bxc5 16. bxc5 f6 17. cxd6 cxd6 18. Rc6 Rb8 19. Nxd6+ Kf8 20. Nxc8 Nb4 21.
Qc5+ {1-0 Benderac,A-Gil,C/EU-chJW U20 1996/Inf 004}) (7... Qe7 8. Qd2 a6 9.
Bd3 Nb6 10. Nge2 Bd7 11. O-O O-O 12. b4 Nc8 13. c5 b6 14. c6 Be8 15. Bg5 Kh8
16. g4 Rg8 17. Ng3 Qf8 18. Qe2 a5 19. a3 h6 20. Be3 Nh7 21. Nb5 Qe7 22. Qd2 {
Rahman,T-Kgosimora,M/Manila olm 1992/TD 92\02/1-0 (41)}) (7... O-O 8. Qd2 a6 9.
Bd3 Ne8 10. Nge2 f5 11. exf5 gxf5 12. Bg5 Bf6 13. h4 Ng7 14. O-O-O Nc5 15. Bb1
b5 16. cxb5 axb5 17. Nxb5 Ba6 18. Nec3 Rb8 19. Na7 Qd7 20. Nc6 Rb6 21. g4 Bb5
22. Nxb5 Rxb5 23. Bxf6 Rxf6 24. Qg5 Qf7 25. gxf5 Na6 26. Nd8 h6 27. Qg4 Qe7 28.
Ne6 Kh8 29. Rhg1 Rf7 30. Qg6 Qf6 31. Qxf6 Rxf6 32. Rxg7 Rxe6 33. dxe6 Kxg7 34.
Rg1+ Kf8 35. f6 Rc5+ 36. Kd2 Rd5+ 37. Ke3 e4 38. e7+ Kf7 39. Rg8 {
1-0 Kuligowski,A-Dominguez,J/Luzern olm 1982/BIG 80}) 8. Qd2 O-O 9. Bd3 Bd7 10.
Nge2 Ne8 11. g4 Qh4+ 12. Ng3 {White gets strong initiative} a6 $4 $18 {
Covers b5} (12... f6 $142 $11 {this is the best bet to save the position}) 13.
O-O-O $11 (13. Bg5 $142 {secures the win} Bh6 14. Bxh6 $18 (14. Bxh4 $143 Bxd2+
15. Kxd2 f6 $18)) 13... f5 $4 $18 {Nimzovich: attack the chain at its base} (
13... f6 $142 $11 {the rescuing straw}) 14. Bg5 $1 {the final blow} (14. gxf5
$6 Bf6 $18) (14. exf5 $6 Bf6 $18) 14... Qh3 (14... Bh6 {
doesn't get the bull off the ice} 15. Bxh6 $1 {final destruction} fxe4 16.
Ncxe4 (16. Bxf8 $6 exd3 17. Bh6 Nxc4 $18) 16... Rxf3 17. Be2 Bxg4 18. Bxf3 Bxf3
19. Rdf1 $18) 15. Bf1 $1 {the end, the rest is history} fxg4 16. Bxh3 Nxc4 (
16... gxh3 {a fruitless try to alter the course of the game} 17. Qd3 $18) 17.
Qd3 Nxb2 18. Kxb2 Rxf3 (18... gxh3 {there is nothing better in the position}
19. Rhg1 Rc8 $18) 19. Qe2 (19. Qxf3 $142 $1 {makes it even easier for White}
gxf3 20. Bxd7 Kh8 $18) 19... b5 (19... Rxc3 {does not help much} 20. Bxg4 $1 {
the punch} Bxg4 21. Qxg4 $18 (21. Kxc3 $6 {is a useless try} Bxe2 22. Nxe2 c6
$18)) 20. Bg2 Rf7 (20... b4 {doesn't improve anything} 21. Nb1 Rf4 22. Nf1 $18)
21. h3 (21. Qd2 $5 {seems even better} Rc8 $18) 21... h6 (21... b4 {
hardly improves anything} 22. Nb1 Rf4 23. Qe1 $18) 22. Be3 b4 23. Nb1 Bb5 (
23... h5 {does not win a prize} 24. Qd2 $18) 24. Qxg4 (24. Qxg4 Kh7 25. Rc1 $18
) (24. Qd2 {keeps an even firmer grip} b3 25. axb3 Rb8 $18) 1-0

[Event "City of Adelaide"]
[Site "Adelaide"]
[Date "1998.08.26"]
[Round "6.1"]
[White "Phan-Koshnitsky, Ngan"]
[Black "Tanti, Joseph G"]
[Result "1/2-1/2"]
[WhiteElo "2003"]
[BlackElo "1750"]
[Annotator "Fritz 5.00 - Anderson-Smith,W"]
[PlyCount "58"]
[EventDate "1998.07.22"]
[EventType "swiss"]
[EventRounds "9"]
[EventCountry "AUS"]

1. d4 Nf6 2. c4 e5 $14 {Budapest Gambit} 3. dxe5 Ne4 (3... Ng4 4. Bf4 Nc6 5.
Nf3 Bb4+ 6. Nbd2 Qe7 7. e3 (7. a3 Ngxe5 8. e3 Bxd2+ 9. Qxd2 a5 10. Qc3 d6 11.
Be2 O-O 12. O-O-O Nd7 13. Nd4 Nc5 14. f3 a4 15. g4 Nxd4 16. Rxd4 {
0-1 Kirchhoff,H-Schmidt,M/Giessen op 1994/GER 08}) 7... Ngxe5 8. Be2 (8. Nxe5
Nxe5 9. Be2 O-O 10. O-O a5 11. Nb3 a4 12. a3 Ba5 13. Nd4 Bb6 14. Nb5 Qe6 15. c5
{1-0 Flear,G-Vesin,J/FRA-chT 1993/TD 93\08}) 8... Nxf3+ 9. gxf3 O-O 10. a3 Bd6
11. Bxd6 Qxd6 12. Qc2 f5 13. f4 Qf6 14. Nf1 d6 15. Ng3 Kh8 16. Nh5 Qe7 17. Rg1
Rf7 18. Qc3 Be6 19. O-O-O Rg8 20. Rg5 Nb8 21. Bd3 Nd7 22. Rdg1 b6 23. Bc2 a5
24. b3 Nf6 25. Ng3 d5 26. Kb2 dxc4 27. Nxf5 Bxf5 28. Rxf5 Ne8 29. Re5 Qh4 30.
Qxc4 Nd6 31. Qd5 Qxf2 32. Rg2 Qh4 33. Qd4 Rgf8 34. Rgg5 Qf2 35. Rh5 Rxf4 36.
Rxh7+ Kg8 37. Rxg7+ Kxg7 38. Re7+ Kh6 39. Qg7+ Kh5 40. Qg6+ {
1-0 Granda Zuniga,J-Sorin,A/Buenos Aires Najdorf 1996/TUR 96}) 4. Qc2 (4. a3
Qh4 (4... Nc6 5. Nf3 d6 6. exd6 Bxd6 7. g3 Nxf2 8. Kxf2 {
0-1 Marinelli,T-Osmanbegovic,S/Cannes op 1995/EXP 46}) 5. g3 Qh5 6. Bg2 Qxe5 7.
Qc2 Nf6 8. Nf3 Qh5 9. Nc3 Be7 10. h3 c6 11. e4 d6 12. b4 Nfd7 13. Ne2 f6 14.
Nfd4 Nb6 15. Nf5 Bxf5 16. exf5 Qf7 17. c5 dxc5 18. bxc5 N6d7 19. Be3 Na6 20.
Nf4 Naxc5 21. O-O O-O 22. Rfd1 Rfc8 23. Ne6 b6 24. a4 g6 25. Nd4 Kh8 26. Nxc6
Bf8 27. Bd5 Qg7 28. Qb2 gxf5 29. Nd4 Rab8 30. Bf4 Ne5 31. Nxf5 Qc7 32. Bg2 Re8
33. Ne3 Ncd3 34. Qd4 Bc5 35. Qxd3 {
1-0 Van Wely,L-Alburt,L/New York op 1994/EXP 40}) (4. Nd2 Bb4 5. a3 Bxd2+ 6.
Bxd2 Nc6 7. Bf4 Qe7 8. Nf3 f5 9. h4 b6 10. e3 Bb7 11. Bd3 O-O-O 12. Qc2 h6 13.
O-O-O Rdf8 14. h5 Nc5 15. Bxf5 Rxf5 16. Qxf5 Nb4 17. axb4 Be4 18. Rxd7 Nb3+ 19.
Kd1 Qxb4 20. Qxe4 Nc5 21. Rxc7+ Kxc7 22. e6+ Kd8 23. Qd5+ {
1-0 Olafsson,H-Olafsson,D/Reykjavik op 1994/EXP 39}) 4... d5 (4... Bb4+ 5. Nd2
Nxd2 6. Bxd2 Bxd2+ 7. Qxd2 $14) 5. exd6 Bf5 6. Qb3 (6. Nc3 Bxd6 7. Nxe4 Bb4+ 8.
Bd2 Bxd2+ 9. Qxd2 Bxe4 10. Qxd8+ Kxd8 $16) 6... Bxd6 (6... Nc6 7. Nd2 Nd4 8.
Qd3 Nxf2 9. Qe3+ Be6 10. Kxf2 $14) 7. Nc3 $14 (7. Qxb7 $5 Nd7 8. Nc3 $16) 7...
Nc5 8. Qd1 Nc6 9. Nf3 Nb4 10. Nd4 {White gets the initiative} Qf6 (10... Bg4
11. f3 Be5 12. a3 $16) 11. Be3 O-O-O 12. Nd5 $11 (12. a3 $5 {
is worthy of consideration} Nc6 13. Nd5 Nxd4 14. Bxd4 $16) 12... Nxd5 {
Black threatens strongly Ne4} 13. cxd5 {
White should quickly conclude development.} Nd3+ $4 $18 {
Black has let it slip away} (13... Be7 $142 {would keep Black alive} 14. Nxf5
Qxf5 $11) 14. exd3 Bb4+ 15. Ke2 Bg4+ $18 (15... Rxd5 16. Nxf5 Qxb2+ 17. Kf3
Rxf5+ 18. Kg4 $14) 16. f3 Rhe8 (16... Bc5 17. Nc2 Bxe3 18. Kxe3 Rhe8+ 19. Kf2
$18) 17. Nc2 $1 {the end} (17. fxg4 Rxe3+ $1 {here's the full point} 18. Kxe3
Re8+ 19. Ne6 fxe6 $19) 17... Qxb2 (17... Bc5 18. d4 $1 {takes home the point}
Rxd5 $18) 18. Qc1 {The white queen on c1 is not without poison} (18. Rb1 $142 {
might be the shorter path} Rxe3+ 19. Kxe3 Qe5+ 20. Kf2 Bc5+ 21. d4 Rxd5 $18)
18... Rxe3+ 19. Kd1 $16 (19. Kxe3 $142 {and White has it in the bag} Qe5+ 20.
Kf2 Bc5+ 21. d4 Bxd4+ 22. Nxd4 Qxd4+ 23. Kg3 $18) 19... Rxf3 {Black must
some of the goodies he has collected. Do you see the mate threat?} 20. gxf3 (
20. Qxb2 $4 {a fat bite, but...} Rxf1#) 20... Bxf3+ 21. Be2 Bxe2+ 22. Kxe2 Re8+
23. Kf3 Qe5 {Threatening mate... how?} 24. Ne3 $17 (24. Nxb4 Qe2+ 25. Kg3 Re3+
26. Qxe3 Qxe3+ 27. Kg2 Qd2+ 28. Kf3 Qxb4 29. a3 $19) 24... Qf6+ 25. Ke2 Qf5 26.
Rf1 Qg4+ $14 (26... Qh5+ 27. Rf3 Qxh2+ 28. Rf2 Qh5+ 29. Rf3 Qh2+ 30. Rf2 Qh5+
31. Rf3 Qh2+ $11) 27. Rf3 Qg2+ 28. Rf2 Qg4+ 29. Kf1 Qh3+ 1/2-1/2

[Event "City of Adelaide"]
[Site "Adelaide"]
[Date "1998.08.26"]
[Round "6.3"]
[White "Yang, Song"]
[Black "Hunter, Daniel M"]
[Result "0-1"]
[WhiteElo "1329"]
[BlackElo "1663"]
[Annotator "Fritz 5.00 - Anderson-Smith,W"]
[PlyCount "44"]
[EventDate "1998.07.22"]
[EventType "swiss"]
[EventRounds "9"]
[EventCountry "AUS"]

1. e4 e5 2. f4 exf4 3. Nf3 Be7 {King's Gambit, Cunningham Defense.} 4. Bc4 Bh4+
5. g3 (5. Kf1 d5 6. exd5 (6. Bxd5 Nf6 7. Bc4 Bg4 8. Nc3 Nc6 9. Be2 Bxf3 10.
Bxf3 Qd4 11. Qe2 O-O-O 12. d3 g5 13. g3 Ne5 14. Qg2 g4 15. Bd1 Nh5 16. gxh4
Rhg8 17. Qf2 g3 18. Qxd4 g2+ 19. Kg1 Rxd4 20. Bxh5 f3 21. Bf4 Ng4 22. Bxg4+
Rxg4 23. Bg3 Rb4 24. b3 Rb6 25. Nd5 gxh1=Q+ 26. Kxh1 Re6 27. Ne3 Rg8 28. Rf1 b5
29. Rxf3 Rf8 30. Rf5 Ra6 31. Rxb5 Rxa2 32. Rc5 {
1-0 McDonald,N-Hector,J/Oviedo rapid 1992/TD 92\09}) 6... Bg4 (6... Be7 7. d4
Bd6 8. Kf2 Bg4 9. Re1+ Ne7 10. Nc3 O-O 11. Ne4 Ng6 12. Be2 Be7 13. c4 Nd7 14.
c5 f5 15. d6 fxe4 16. dxe7 Qxe7 17. Kg1 Kh8 18. Ne5 Ndxe5 19. Bxg4 Nxg4 20.
Qxg4 Rad8 21. Qd1 Nh4 22. Bxf4 Rxf4 23. Re3 Qf6 24. Qd2 Rf8 25. Rae1 Rf2 {
0-1 Dominiguez,J-Hector,J/Oviedo rapid 1992/TD 92\09}) 7. d4 Ne7 8. Nc3 Ng6 9.
Qe2+ Be7 10. h4 h5 11. Qe4 Nd7 12. Bxf4 Nf6 13. Qe3 O-O 14. Re1 Bf5 15. Ne5 Ng4
16. Nxg4 Bxg4 17. Bg5 Re8 18. Bxe7 Rxe7 19. Qf2 Qd6 20. Rxe7 Nxe7 21. Ne4 Qb4
22. Bb3 Nf5 23. c3 Qe7 24. Bc2 Re8 25. g3 Nd6 26. Ng5 Qe2+ 27. Qxe2 Rxe2 28.
Bb3 Rxb2 29. Kg1 a5 30. Rh2 Rb1+ 31. Kf2 Rc1 32. c4 Nxc4 33. Ne4 Nd6 34. Nxd6
cxd6 35. Ke3 Rc3+ 36. Ke4 Rf3 37. Rc2 f5# {
0-1 Maes,W-Mitkov,N/Cappelle op 1994/TD 94\02}) 5... fxg3 6. O-O gxh2+ 7. Kh1
d5 8. Bxd5 Nf6 9. Ne5 $19 (9. Bxf7+ Kxf7 10. Nxh4 Re8 11. Nc3 Kg8 12. Qf3 Nc6
13. d3 Bg4 14. Qf2 Rf8 15. Bg5 Nxe4 16. Qxf8+ Qxf8 17. Rxf8+ Rxf8 18. Nxe4 Nd4
19. Kxh2 h6 20. Be7 Rf7 21. c3 Nc6 22. Bb4 g5 23. Ng2 Be2 24. Ne1 Rf4 25. Ng3
Bg4 26. Ng2 Rf3 27. Ne4 Be6 {
1-0 Ternette,H-Ohnesorg,K/PF-chS Mehlingen 1992/GER 05}) (9. Bxf7+ $142 $5 Kxf7
10. Nxh4 $17) 9... O-O 10. Nxf7 (10. Bxf7+ Rxf7 11. Nxf7 $19) 10... Qe7 (10...
Rxf7 $6 {is much weaker} 11. Bxf7+ Kh8 12. Qf3 $11 (12. Kxh2 $2 {
is nothing because of} Ng4+ 13. Kg1 Qd4+ 14. Kh1 Qf2 15. Rxf2 Nxf2+ 16. Kg2
Nxd1 $19)) 11. Nh6+ Kh8 12. Nf5 Bxf5 13. Rxf5 Nxd5 (13... c6 $142 {
makes it even easier for Black} 14. Nc3 cxd5 15. exd5 $19) 14. Rxf8+ Qxf8 15.
exd5 (15. d4 {cannot undo what has already been done} Nd7 16. Qe2 Re8 $19)
15... Qf2 (15... Na6 $142 {and the result of the game is clear: Black will win}
16. d3 Re8 $19) 16. Nc3 Nd7 {The mate threat is Re8} 17. Ne4 Qf5 (17... Qd4 {
seems even better} 18. d3 Nf6 19. Bg5 Bxg5 20. Nxg5 Qxd5+ 21. Nf3 $19) 18. d3
Nf6 19. Nxf6 gxf6 {Threatening mate: Qxd5} ({Inferior is} 19... Qxf6 20. Be3
Re8 21. Bxa7 Qxb2 22. c4 $19) 20. Kxh2 (20. Qe2 Rg8 21. Bh6 $19) 20... Qf2+ $19
(20... Bg3+ $1 21. Kg2 Rg8 22. Bg5 Qf2+ 23. Kh3 Qh2+ 24. Kg4 Rxg5+ 25. Kf3 Qf2+
26. Ke4 f5#) 21. Kh1 {Plans Bh6} Rg8 {Threatening mate... how?} 22. Bh6 (22.
Bg5 Bg3 $1 {sealing the opponent's fate} 23. Bxf6+ Qxf6 24. Qh5 Bh2 25. Qh3 Qf2
26. Qf1 Qh4 27. Qg2 Bf4+ 28. Kg1 Qh2+ 29. Kf2 Qxg2+ 30. Ke1 Re8+ 31. Kd1 Qe2#)
22... Qg2# 0-1

[Event "City of Adelaide"]
[Site "Adelaide"]
[Date "1998.08.26"]
[Round "6.5"]
[White "Koodrin, Zina"]
[Black "Kramer, Warren"]
[Result "0-1"]
[WhiteElo "1008"]
[BlackElo "1323"]
[Annotator "Fritz 5.00 - Anderson-Smith,W"]
[PlyCount "120"]
[EventDate "1998.07.22"]
[EventType "swiss"]
[EventRounds "9"]
[EventCountry "AUS"]

1. d4 Nf6 2. Nf3 g6 3. g3 d5 4. Nbd2 Bg7 5. Bg2 O-O 6. O-O {
Unnamed Queen's Pawn Opening} Bg4 $146 (6... e6 7. c4 Nbd7 8. Qc2 c6 9. b3 b6
10. Bb2 Bb7 11. e4 Rc8 12. exd5 cxd5 13. Qd3 Re8 14. Ne5 Nxe5 15. dxe5 Ng4 16.
Qe2 Nh6 17. Rac1 Nf5 18. Rfd1 Rc7 19. Ne4 Kh8 20. Nc3 Ne7 21. Nb5 {
Foulon,G-Santa,R/Dubai olw 1986/TD 86\02/1-0 (46)}) (6... b6 7. c4 e6 (7... Bb7
8. e3 Nbd7 9. Rb1 c5 10. dxc5 Nxc5 11. cxd5 Ba6 12. Nd4 Bxf1 13. Nxf1 Rc8 14.
b4 Nce4 15. Bb2 Qxd5 16. Nd2 e5 17. N4b3 Rfd8 18. Rc1 Rxc1 19. Qxc1 Qd3 20. Bf1
Qd7 21. Nf3 Ng4 22. Qb1 {
Janzen,C-Peterwitz,K/Bargteheide op 1989/TD 89\05/0-1 (78)}) 8. b3 Bb7 9. Bb2
a5 10. Qc2 Na6 11. Rac1 c5 12. Qb1 Qe7 13. Ne5 Rfd8 14. Rfd1 Rac8 15. Qa1 cxd4
16. Bxd4 Nc5 17. Nef3 Ncd7 18. Ne5 Nc5 19. Nef3 Ncd7 20. Ne5 {
1/2-1/2 Pigusov,E-Tukmakov,V/Moscow GMA-op 1989/TD 89\02}) (6... Re8 7. c4 e6
8. b3 Nbd7 9. Bb2 c6 10. Qc2 Qc7 11. Rac1 Bh6 12. e3 Bg7 13. Rfe1 Qd6 14. Rcd1
b6 15. Ne5 Bb7 16. a3 a5 17. Nd3 Ba6 18. b4 axb4 19. axb4 Rec8 20. c5 bxc5 21.
bxc5 {Batchilo,E-Kiema,N/WchJW-U18 Bratislava 1993/TD 93\05/1-0 (41)}) (6...
Ne4 7. Nxe4 dxe4 8. Ne5 f6 9. Nc4 f5 10. c3 Be6 11. Ne3 c6 12. f3 exf3 13. Bxf3
Nd7 14. d5 cxd5 15. Nxd5 Nb6 16. Nf4 Bc4 17. Bxb7 Rb8 18. Qxd8 Rfxd8 19. Bg2 e5
20. Nd3 Bxd3 21. exd3 {Rey,G-Djuric,S/San Francisco 1987/CBM 05/0-1 (52)}) 7.
c4 c6 8. Ne5 Be6 9. b3 Nbd7 10. Nxd7 Qxd7 11. Bb2 dxc4 12. Nxc4 Nd5 (12... Bh3
13. Ne5 Qe6 14. Bxh3 Qxh3 15. Qc2 $11) 13. Qd2 (13. e4 Nb6 14. Ne5 Qd6 $11)
13... f6 {Prevents intrusion on e5} 14. e4 Nc7 15. Ne3 Bh3 16. f4 $15 (16. Bxh3
$5 Qxh3 17. Qb4 $11) 16... Bxg2 17. Nxg2 Rad8 18. Rad1 Qc8 $11 (18... f5 19.
exf5 Rxf5 20. Ne3 $15) 19. Qe2 $15 {White prepares the advance e5} (19. f5 gxf5
20. Rxf5 e6 $11) 19... Nb5 $14 (19... f5 $5 $15 {is an interesting alternative}
) 20. e5 $15 {White gains space} (20. f5 $5 $14 {is noteworthy}) 20... Nc7 21.
Ne3 Nd5 {A comfortable square for the black knight} 22. Nxd5 (22. f5 Nxe3 23.
Qxe3 gxf5 $15) 22... Rxd5 (22... cxd5 $6 23. e6 $11) 23. Ba3 (23. f5 fxe5 24.
fxg6 Rxf1+ 25. Rxf1 hxg6 26. dxe5 Qe6 $11) 23... Re8 (23... Qe6 24. Qe1 $15)
24. Qf3 (24. f5 fxe5 25. fxg6 hxg6 (25... Rxd4 $143 26. gxh7+ Kh8 27. Bb2 $14)
26. dxe5 Rxe5 $15) 24... f5 25. Bb2 Qd7 26. Rfe1 Qe6 27. Qf2 Red8 28. Ba1 c5
29. Rd2 cxd4 30. Bxd4 Qd7 31. Red1 e6 32. Bc3 Qc6 33. Rxd5 Rxd5 34. Rxd5 Qxd5
35. Qxa7 $17 (35. Qd4 $5 $11 {is worth looking at}) 35... Qd1+ 36. Kg2 Qc2+ 37.
Kh3 {The mate threat is Qb8} Qxc3 $15 (37... g5 38. fxg5 Qxc3 39. Qxb7 $17) 38.
Qb8+ $17 (38. Qxb7 h6 $15) 38... Bf8 39. Qxb7 Qc5 40. Qd7 Qe7 {
Do you see the mate threat?} 41. Qxe7 Bxe7 42. a4 Bb4 43. Kg2 Kf7 44. Kf3 h6
45. h3 (45. Ke3 Bc5+ 46. Kd3 Ke7 $17) 45... g5 46. Ke2 gxf4 47. gxf4 Ke7 48.
Kd3 Kd7 49. Kc4 Bd2 50. b4 Bxf4 51. Kd4 Bd2 52. b5 Ba5 53. Kd3 Kc7 54. Ke3 Kb6
55. Kd4 Bd2 56. Kd3 Be1 57. Kc4 Bf2 58. Kd3 (58. Kb4 {does not save the day} h5
$19) 58... Ka5 59. Ke2 Bc5 60. Kd3 Kxa4 (60... Kxa4 61. Kc4 Bb6 $19) 0-1